Centrálne bankovníctvo
Dvojstupňová banková sústava ako súčasť vyspelej trhovej ekonomiky. Dôvody pre vznik centrálnych bánk. Dva spôsoby založenia centrálnych bánk. Právne postavenie centrálnych bánk. Vývoj centrálneho bankovníctva na Slovensku.
Enregistré dans:
| Auteur principal: | |
|---|---|
| Autres auteurs: | |
| Format: | Livre |
| Langue: | slovaque |
| Sujets: | |
| Tags: |
Pas de tags, Soyez le premier à ajouter un tag!
|
MARC
| LEADER | 00000nam a2200000 4500 | ||
|---|---|---|---|
| 001 | r031704 | ||
| 005 | 20230911131259.7 | ||
| 041 | 0 | |a slo | |
| 044 | |a SK | ||
| 245 | 1 | 0 | |a Centrálne bankovníctvo |c Renáta Juríková, Martina Šaradínová |
| 520 | |a Dvojstupňová banková sústava ako súčasť vyspelej trhovej ekonomiky. Dôvody pre vznik centrálnych bánk. Dva spôsoby založenia centrálnych bánk. Právne postavenie centrálnych bánk. Vývoj centrálneho bankovníctva na Slovensku. | ||
| 610 | 2 | 0 | |a sústava banková |
| 610 | 2 | 0 | |a banky centrálne |
| 610 | 2 | 0 | |a banky emisné |
| 610 | 2 | 0 | |a bankovníctvo |
| 610 | 2 | 0 | |a politika menová |
| 610 | 2 | 0 | |a obeh peňažný |
| 610 | 2 | 0 | |a styk platobný |
| 610 | 2 | 0 | |a trh peňažný |
| 610 | 2 | 0 | |a Slovensko |
| 100 | 1 | |a Juríková, Renáta | |
| 700 | 1 | |a Šaradínová, Martina | |